Normal view
MARC view
Entry Personal Name
001 - CONTROL NUMBER
- control field: 576
003 - CONTROL NUMBER IDENTIFIER
- control field: csc
005 - DATE AND TIME OF LATEST TRANSACTION
- control field: 20140507162051.0
008 - FIXED-LENGTH DATA ELEMENTS
- fixed length control field: 130215|| aca||aabn | a|a d
040 ## - CATALOGING SOURCE
- Original cataloging agency: csc
- Transcribing agency: csc
100 ## - HEADING--PERSONAL NAME
- Personal name: Webster, John,
- Dates associated with a name: 1580?-1625?
670 ## - SOURCE DATA FOUND
- Source citation: Work cat.: (csc)24: Webster, John, 1580?-1625?, The Duchess of Malfi /, 2009.